000 00395nam a2200157Ia 4500
008 221030s9999 xx 000 0 und d
020 _a0070593620
082 _a105.23
_bbal
100 _aE. Balagurusamy
245 0 _aObject - Oriented Programming With C++
_cby E. Balagurusamy
250 _a3rd
260 _bTMH
_aNew Delhi
_c2006
300 _a614
650 _aComputers
942 _cBK
_2ddc
999 _c2680
_d2680